000 01235cam a2200265 4500
001 WB3646-13
008 000000n2000 000 0 eng u
035 _a(Sirsi) u109464
245 _aLandlord and tenant
260 _c2000
490 _aEstates Gazette Case Summaries
_v[2000] EGCS 128 (18/11/00)(1)
520 _a"National Car Parks Ltd v Trinity Development Co (Banbury) Ltd" ChD 9 November 2000. The claimant, who was licensed to manage and administer the defendant's car park, asserted that their tenancy was protected by the Landlord and Tenant Act 1954 and that, despite having agreed not to impede the licensor's exercise of possessory rights, they were entitled to exclusive possession, the defendant having served notice to terminate the agreement. "Held", claim dismissed.
590 _aWB
650 _aSTREET V MOUNTFORD
650 _aDELLNEED LTD V CHIN
650 _aESSEX PLAN LTD V BROADMINSTER LTD
650 _aSHELL-MEX & BP LTD V MANCHESTER GARAGES LTD
650 _aESSO PETROLEUM CO LTD V FUMEGRANGE LTD
650 _aLICENCE AGREEMENTS
650 _aTERMINATION
650 _aCAR PARKS
650 _aEXCLUSIVE POSSESSION
690 _aLANDLORD AND TENANT-LEASES-CASE LAW
942 _n0
999 _c65348
_d65348